| 000 | 00858nam a2200241 a 4500 | ||
|---|---|---|---|
| 001 | 000005229 | ||
| 003 | OSt | ||
| 005 | 20200929151620.0 | ||
| 008 | 090818s1998 sp 001 0 spa d | ||
| 020 | _a8400077636 | ||
| 040 |
_aDO-SdBNP _bspa _cBNPHU |
||
| 082 |
_axxxx _bI73n |
||
| 245 | 0 | 0 |
_aIsaac Newton : _bel templo de Salomón / _cedición y traducción Ciriaca Morano ; introdución José Manuel Sánchez Ron. |
| 260 |
_aMadrid : _bCSIC, _c1998. |
||
| 300 |
_acv, 140 p. ; _c24 cm. |
||
| 500 | _aIncluye índice onomástico | ||
| 500 | _aIncluye referencias bibliográficas y notas al pie de las páginas | ||
| 600 | 1 | 4 |
_aNEWTON, ISAAC, _d1642-1727 _914921 |
| 700 | 1 |
_aMorano, Ciriaca. _eed. y tr. _914922 |
|
| 700 | 1 |
_aSánchez Ron, José Manuel, _eintr. _914923 |
|
| 710 | 1 |
_aConsejo Superior de Investigaciones Científicas _94786 |
|
| 942 |
_2ddc _cLF1 |
||
| 999 |
_c5030 _d5030 |
||